Kvantitatívne metódy analýzy rizík v globálnych zásobovacích reťazcoch
Guardado en:
| Autor principal: | |
|---|---|
| Formato: | Capítulo de libro |
| Lenguaje: | eslovaco |
| Etiquetas: |
Sin Etiquetas, Sea el primero en etiquetar este registro!
|
MARC
| LEADER | 00000nla$a2200000$$$4500 | ||
|---|---|---|---|
| 001 | 0125917 | ||
| 005 | 20240502072433.2 | ||
| 041 | 0 | |a slo | |
| 044 | |a SK | ||
| 245 | 1 | 0 | |a Kvantitatívne metódy analýzy rizík v globálnych zásobovacích reťazcoch |c Martin Devečka |
| 100 | 1 | |a Devečka, Martin | |